Daňový úrad čaká na naše "oznamovačky"
Ktorú platbu oznámiť, kto oznamuje, čo oznamuje, komu oznámiť, kedy a prečo.
Gespeichert in:
| 1. Verfasser: | |
|---|---|
| Format: | Buchkapitel |
| Sprache: | Slowakisch |
| Schlagworte: | |
| Tags: |
Keine Tags, Fügen Sie das erste Tag hinzu!
|
MARC
| LEADER | 00000naa$a2200000$$$4500 | ||
|---|---|---|---|
| 001 | 0003413 | ||
| 005 | 20230927072218.3 | ||
| 041 | 0 | |a slo | |
| 044 | |a SK | ||
| 245 | 1 | 0 | |a Daňový úrad čaká na naše "oznamovačky" |c aut. Janka Chorvátová |
| 520 | |a Ktorú platbu oznámiť, kto oznamuje, čo oznamuje, komu oznámiť, kedy a prečo. | ||
| 610 | 2 | 0 | |a daňovníci |
| 610 | 2 | 0 | |a povinnosť oznamovacia |
| 610 | 2 | 0 | |a povinnosť daňová |
| 100 | 1 | |a Chorvátová, Janka | |